Loading...

Economic survey 1975 - 76 /

Bibliographic Details
Main Author: India. Ministry of Finance. Economic Division
Format: Printed Book
Language:English
Published: Delhi: Manager of publications, 1976.
Subjects:
LEADER 00543 a2200133 4500
008 100208b ||||| |||| 00| 0 eng d
082 |a 330.954 
100 |a India. Ministry of Finance. Economic Division. 
245 |a Economic survey 1975 - 76 / 
260 |b Manager of publications,  |a Delhi:  |c 1976. 
650 |a economics 
942 |c BK 
999 |c 313862  |d 313862 
952 |0 0  |1 0  |2 ddc  |4 0  |6 330_954000000000000_IND_E  |7 0  |9 359962  |a ECN  |b ECN  |c REF  |d 2010-09-07  |e Indian Documentation Service, Haryana  |g 0.00  |i 4372  |l 0  |o 330.954 IND/E  |p ECN4372  |r 2010-09-07  |w 2010-09-07  |y REF